| 000 | 01591nam0a2200349 4500 | ||
|---|---|---|---|
| 001 | RU\NLR\BIBL_A\022543084 | ||
| 005 | 20260420044528.0 | ||
| 010 |
_a978-5-389-27691-8 _94000 |
||
| 021 |
_aRU _bКН-П-25-017259 _9КН-П-25-1749 |
||
| 035 | _a(NLR Aleph) 022543084 | ||
| 090 |
_a13672650 _c13672650 |
||
| 100 | _a20250516d2025 u y0rusy50 ca | ||
| 101 | 1 |
_arus _cfre |
|
| 102 | _aRU | ||
| 105 | _ay z 000yy | ||
| 181 | 0 |
_ai4 _baxxe |
|
| 182 | 0 | _an | |
| 200 | 1 |
_aНе надейтесь избавиться от книг! _fУмберто Эко, Жан-Клод Карьер _gперевод с французского Ольги Акимовой |
|
| 203 |
_aТекст _bвизуальный _cнепосредственный |
||
| 210 |
_aСанкт-Петербург _cАзбука-Аттикус, Азбука _d2025 |
||
| 215 |
_a315, [3] с. _d21 |
||
| 300 | _aНа 4-й с. обл. авт.: Умберто Эко, писатель и философ, Жан-Клод Карьер, сценарист, писатель, актер | ||
| 320 | _aДр. произведения авт. на 4-й с. обл. | ||
| 333 | _a16+ | ||
| 606 | 1 |
_aКниговедение _9960832 _3RU\NLR\AUTH\6639885 |
|
| 686 | 1 | _aЧ611 | |
| 700 | 1 |
_7ca _8rus _aЭко _bУ. _f1932-2016 _gУмберто _9112725 _3RU\NLR\AUTH\772717 |
|
| 701 | 1 |
_7ca _8rus _aКарьер _bЖ.-К. _cдраматург, сценарист, писатель _f1931- _gЖан-Клод _9182467 _3RU\NLR\AUTH\770182518 |
|
| 942 | _cBOOK | ||
| 980 | _aNB | ||